Inspección General de Justicia- Declaración jurada de actualización de datos (Res. Gral. (IGJ) 01/2010) (Registro nro. 11575)
[ vista simple ]
| 000 -LEADER | |
|---|---|
| fixed length control field | 00369 a2200109 4500 |
| 001 - CONTROL NUMBER | |
| control field | ART_6852 |
| 005 - DATE AND TIME OF LATEST TRANSACTION | |
| control field | 20260410161621.0 |
| 008 - FIXED-LENGTH DATA ELEMENTS--GENERAL INFORMATION | |
| fixed length control field | 260409a |
| 100 1# - MAIN ENTRY--PERSONAL NAME | |
| Personal name | Piñeiro, Horacio |
| 245 10 - TITLE STATEMENT | |
| Title | Inspección General de Justicia- Declaración jurada de actualización de datos (Res. Gral. (IGJ) 01/2010) |
| 773 0# - HOST ITEM ENTRY | |
| Title | Enfoques |
| Related parts | - Nº 8 (ago. 2010) |
| Record control number | REV416 |
No hay ítems disponibles.